000 00705nam a2200289Ia 4500
005 20260324131807.0
008 008 260324s9999 xx 000 0 eng d
020 _a9780203955925
037 _aEBOOK
040 _aCRL
040 _beng
040 _cCRL
041 _2eng
041 _aeng
084 _qCRL
100 _aRobert F. Scuka
_91186848
245 0 _aRelationship Enhancement Therapy
245 0 _bHealing Through Deep Empathy and Intimate Dialogue
260 _bTaylor and Francis
260 _c2005
365 _a
365 _b75.99
856 _uhttp://www.taylorfrancis.com/books/9780203955925
942 _cEBOOK
999 _c1784346
_d1784346